Normal view MARC view

Entry Nombre personal

Number of records used in: 7

001 - NÚMERO DE CONTROL

  • campo de control: 81131

003 - IDENTIFICADOR DE NÚMERO DE CONTROL

  • campo de control: SpMaBN

005 - FECHA Y HORA DE LA ÚLTIMA TRANSACCIÓN

  • campo de control: 20240312165337.0

008 - ELEMENTOS DE DATO DE LONGITUD-FIJA

  • campo de control de longitud fija: 901120nn aijnnaabn a aaa

016 ## - NÚMERO DE CONTROL DE UNA AGENCIA BIBLIOGRÁFICA NACIONAL

  • Número de control del registro: BNE19900105365

024 7# - IDENTIFICADOR DE OTROS ESTÁNDARES

  • Número estándar o código: http://viaf.org/viaf/59130575/
  • Fuente: viaf

024 8# - IDENTIFICADOR DE OTROS ESTÁNDARES

  • Número estándar o código: https://data.cervantesvirtual.com/person/4391

024 7# - IDENTIFICADOR DE OTROS ESTÁNDARES

  • Número estándar o código: https://isni.org/isni/0000000117653962
  • Fuente: isni

024 7# - IDENTIFICADOR DE OTROS ESTÁNDARES

  • Número estándar o código: http://www.wikidata.org/entity/Q5399696
  • Fuente: wikidata

040 ## - FUENTE DE CATALOGACIÓN

  • Centro catalogador/agencia de origen: SpMaBN
  • Lengua de catalogación: spa
  • Centro/agencia transcriptor: SpMaBN
  • Normas de descripción: rdc
  • Convención/Normas de encabezamiento de materia/tesauro: embne

046 ## - FECHAS CON CODIFICACIÓN ESPECIAL

  • Fecha de nacimiento: 1954

100 1# - ENCABEZAMIENTO-NOMBRE DE PERSONA

  • Nombre de persona: Millán, José Antonio,
  • Fechas asociadas al nombre: 1954-

370 ## - LUGAR ASOCIADO

  • Lugar de nacimiento: Madrid, España
  • Fuente de información: (Wikidata)
  • Número de control del registro de autoridad o número normalizado: XX450543

374 ## - OCUPACIÓN

  • Ocupación: Escritores
  • Ocupación: Linguistas
  • Fuente de información: Wikidata

375 ## - GÉNERO/SEXO

  • Género: Masculino

377 ## - IDIOMA ASOCIADO

  • Término de lengua/lenguaje: Español

400 1# - TRAZADO DE VÉASE--NOMBRE DE PERSONA

  • Nombre de persona: Millán González, José Antonio,
  • Fechas asociadas al nombre: 1954-

670 ## - FUENTE DE DATOS ENCONTRADOS

  • Cita de la fuente: La fuente sagrada, de Henry James, 1983
  • Información encontrada: v. port. (traducción, José Antonio Millán)

670 ## - FUENTE DE DATOS ENCONTRADOS

  • Cita de la fuente: Fresa rústica y otros relatos, 1991
  • Información encontrada: port. (José Antonio Millán) p. [5] (n. 1954; traductor y editor)

670 ## - FUENTE DE DATOS ENCONTRADOS

  • Cita de la fuente: Diccionario de la lengua española, 1995
  • Información encontrada: etiqueta del disco (creación de la edición española y diseño del interfaz, José Antonio Millán ...)

670 ## - FUENTE DE DATOS ENCONTRADOS

  • Cita de la fuente: Llamada telefónica al autor, 11-10-1995
  • Información encontrada: (José Antonio Millán González; n. 1954; autor, editor y traductor de inglés)

856 4# - LOCALIZACIÓN Y ACCESO ELECTRÓNICOS

  • Identificador Uniforme de Recursos: http://dialnet.unirioja.es/servlet/autorExterno/BNE/1096835